La época del absolutismo (Record no. 189784)
[ view plain ]
| 000 -LEADER | |
|---|---|
| campo de control de longitud fija | 01050nam a2200277 i 4500 |
| 001 - NÚMERO DE CONTROL | |
| campo de control | 189784 |
| 003 - IDENTIFICADOR DE NÚMERO DE CONTROL | |
| campo de control | ES-MaACL |
| 005 - FECHA Y HORA DE LA ÚLTIMA TRANSACCIÓN | |
| campo de control | 20250809063545.0 |
| 007 - CAMPO FIJO DE DESCRIPCIÓN FÍSICA--INFORMACIÓN GENERAL | |
| campo de control de longitud fija | t| |
| 008 - DATOS DE LONGITUD FIJA--INFORMACIÓN GENERAL | |
| campo de control de longitud fija | 191126s1934 sp ab |||| | spa d |
| 245 03 - MENCIÓN DEL TÍTULO | |
| Título | La época del absolutismo |
| Resto del título | : (1660-1789) / |
| Mención de responsabilidad, etc. | por Walter Goetz, Walter Platzhoff, Francisco Schabel, Oscar Walzel, Hermann Wätjen, Juan Plischke, Félix Salomón ; versión española de Manuel García Morente. |
| 260 ## - PUBLICACIÓN, DISTRIBUCIÓN, ETC. | |
| Lugar de publicación, distribución, etc. | Madrid : |
| Nombre del editor, distribuidor, etc. | Espasa-Calpe, |
| Fecha de publicación, distribución, etc. | 1934. |
| 300 ## - DESCRIPCIÓN FÍSICA | |
| Extensión | XVI, 668 p., [36] h. (algunas pleg.) : |
| Otras características físicas | il., mapas ; |
| Dimensiones | 27 cm. |
| 650 #7 - PUNTO DE ACCESO ADICIONAL DE MATERIA--TÉRMINO DE MATERIA | |
| Término de materia o nombre geográfico como elemento de entrada | Historia moderna |
| Fuente del encabezamiento o término | embne |
| 9 (RLIN) | 13420 |
| 700 1# - ENTRADA AGREGADA--NOMBRE PERSONAL | |
| Nombre de persona | Goetz, Walter, |
| Fechas asociadas al nombre | 1867-1958 |
| 9 (RLIN) | 57579 |
| 700 1# - ENTRADA AGREGADA--NOMBRE PERSONAL | |
| Nombre de persona | Platzhoff, Walter. |
| 9 (RLIN) | 168687 |
| 700 1# - ENTRADA AGREGADA--NOMBRE PERSONAL | |
| Nombre de persona | Schnabel, Franz. |
| 9 (RLIN) | 168688 |
| 700 1# - ENTRADA AGREGADA--NOMBRE PERSONAL | |
| Nombre de persona | Walzel, Oskar Franz. |
| 9 (RLIN) | 116033 |
| 700 1# - ENTRADA AGREGADA--NOMBRE PERSONAL | |
| Nombre de persona | Wätjen, Hermann. |
| 9 (RLIN) | 168689 |
| 700 1# - ENTRADA AGREGADA--NOMBRE PERSONAL | |
| Nombre de persona | Plischke, Hans. |
| 9 (RLIN) | 168683 |
| 700 1# - ENTRADA AGREGADA--NOMBRE PERSONAL | |
| Nombre de persona | Salomon, Felix. |
| 9 (RLIN) | 168690 |
| 700 1# - ENTRADA AGREGADA--NOMBRE PERSONAL | |
| Nombre de persona | García Morente, Manuel, |
| Fechas asociadas al nombre | 1886-1942 |
| 9 (RLIN) | 55002 |
| 852 ## - LOCALIZACIÓN | |
| Ubicación | ES-MaACL |
| Número de control de estantería | F-15084 |
| 942 ## - ELEMENTOS DE ENTRADA SECUNDARIOS (KOHA) | |
| Fuente del sistema de clasificación o colocación | Clasificación decimal universal |
| Estatus retirado | Estado de pérdida | Estado de daño | No para préstamo | Biblioteca de origen | Biblioteca actual | Ubicación en estantería | Fecha de adquisición | Fuente de adquisición | Total de préstamos | Signatura topográfica completa | Código de barras | Visto por última vez | Precio de reemplazo | Tipo de ítem Koha |
|---|---|---|---|---|---|---|---|---|---|---|---|---|---|---|
| Biblioteca del Ateneo de Madrid | Biblioteca del Ateneo de Madrid | Sala Pecera Planta 2 | 26/11/2019 | F-15084 | 1201293 | 23/02/2023 | 23/02/2023 | Libro impreso |
